[Event "AUS-ch Seniors"]
[Site "Melbourne"]
[Date "2001.12.31"]
[Round "4"]
[White "Komljenovic, Stojan"]
[Black "Lilly, Richard"]
[Result "0-1"]
[WhiteElo "1288"]
[BlackElo "1871"]
[PlyCount "74"]
[EventDate "2001.12.28"]
[EventType "swiss"]
[EventRounds "11"]
[EventCountry "AUS"]
[SourceTitle "EXT 2003"]
[Source "ChessBase"]
[SourceDate "2002.11.25"]
[SourceVersion "1"]
[SourceVersionDate "2002.11.25"]
[SourceQuality "1"]

1. e4 c5 2. a3 Nc6 3. Bc4 g6 4. c3 Nf6 5. d3 Bg7 6. h3 0-0 7. f4 d5 8. exd5 Nxd5 9. Ne2 a6 10. Nd2 Ne3 11. Qb3 Na5 12. Qa2 Naxc4 13. Nxc4 Nc2+ 14. Kd2 Nxa1 15. Qxa1 Bf5 16. Qb1 b5 17. Ne3 Be4 18. Ng3 Bb7 19. Ke2 Qc7 20. Rf1 e6 21. Ne4 Rad8 22. g4 Rd7 23. f5 exf5 24. gxf5 Bxe4 25. dxe4 Qh2+ 26. Rf2 Qxh3 27. fxg6 Qh5+ 28. Rf3 fxg6 29. Qa2+ Rdf7 30. Nf5 gxf5 31. exf5 Kh8 32. Kf2 Rxf5 33. Rxf5 Rxf5+ 34. Ke1 Qe8+ 35. Kd1 Rf1+ 36. Kc2 Qe4+ 37. Kd2 Bh6# 0-1